Регионална библиотека "Любен Каравелов" - Русе

Изпити (Запис номер 122381)

MARC детайли
000 -Лидер
Контролно поле с фиксирана дължина 01443nam a2200313 c 4500
003 - Код на организацията, давaща контролен номер
Контролно поле BLK
005 - Дата и час на последна редакция
Контролно поле 20240319090851.0
008 - Елементи от данни с фиксирана дължина
fixed length control field 180409b bul|||||r ||||||| ||bul||
010 ## - Наследен системен номер
LC control number KNG00128018000
040 ## - Източник на каталожния запис
Идентификатор на билиотеката - собственик на записа BLK
041 ## - Код за език
Код за езика на текст/звукозапис или на отделно заглавие Български
Код за езика КДБФ Български
080 ## - УДК
Текстов определител УДК Българска литература
УДК код - определител по УДК 821.163.2
УДК определител -2
УДК - код + определител 821.163.2-2
100 ## - Редна дума - Автор
Автор Асенов, Драгомир
Автор - информация (биография) Меламед, Жак Нисим
Титли или други наименования, свързани с автора Писател. Работил в русенския в. "Дунавски отечествен фронт", един от основателите на "Дунавски културен фронт"
Дати, свързани с автора 1926 - 1981
R(LIN) 272757
139 ## - Редно поле
Редна дума Асенов, Драгомир
Авторски знак Ас - А 92
245 10 - Сведения за заглавието
Заглавие Изпити
Подзаглавни данни Пиеса в 4 карт.
Редно поле (дума) Драгомир Асенов; * Жак Нисим Меламед.
257 ## - Страна на издаване
Страна на създаване/издаване България
260 ## - Област на издателските данни
-- София
Име на издателя, разпространителя и проч. Бълг. писател
Година на издаване 1970
300 ## - Физическа характеристика
Страници 100 с.
Размери/Мащаб 18 см
380 ## - Жанр
Жанр Худож. лит.
490 1# - СЕРИИ (Колекции)
Име на серия Съвременна българска драма
500 ## - Общи забележки
Забележка Истинскато име на авт. е Жак Нисим Меламед. - 1 100 тир.
700 1# - Други автори (авторска отговорност)
Лично име Меламед, Жак Нисим
Автороска отговорност (Описва отношението между автора и произведението) *
9 (RLIN) 272758
852 ## - Местоположение
Форматна сигнатура Цб І 11476
856 4# - Електронен адрес и достъп
Електронен формат pdf - файл
Път до файла /url/
856 4# - Електронен адрес и достъп
Електронен формат pdf - файл
Път до файла /url/
942 ## - АРТИКУЛИ
Вид на библиотечния материал Книги
Скрит в OPAC Не
944 ## - СЪЗДАВАНЕ И РЕДАКЦИЯ на ЗАПИСА
Създаване/Редакция Създаване
Дата на регистрацията/редакция 28.02.2012
Статус, дата на статуса Моника Янева
Служител, извършил регистрацията/редакцията 30570
944 ## - СЪЗДАВАНЕ И РЕДАКЦИЯ на ЗАПИСА
Създаване/Редакция Редакция
Дата на регистрацията/редакция 28.02.2012
Статус, дата на статуса 28.02.2012 - от С1,Р / 28.02.2012
Служител, извършил регистрацията/редакцията
999 ## - СИСТЕМНИ КОНТРОЛНИ НОМЕРА
Koha biblionumber 122381
Koha biblioitemnumber 122381
Наличности
Код за отписване Код за изгубен артикул Източник на класификационната схема Код за повреда Коз за рестрикции Код за отдаване Артикулен № Име на библиотеката - собственик Име на библиотеката, в която се намира в момента Статус (Текущо местоположение) Дата на вписване в системата Местоположение - отдел Цена в лева Инвентарен номер Систематично азбучна сигнатура Баркод Номер на екземпляра Цена в евро Служебна бележка Служебен тип на артикула Бележка за публиката
  Не е изгубен Universal Decimal Classification Не е повреден само за читалня ползва се в читалня 197928 Регионална библиотека "Любен Каравелов" Русе Регионална библиотека "Любен Каравелов" Русе Хранилище 1970-01-01 Хранилище 0.64 70653 Цб І 11476 120000070653 1 0.33 N: стар фонд Дата: 01.01.1970 Книги  
Изтеглен Не е изгубен   Не е повреден без рестрикции заемане за дома 197929 Регионална библиотека "Любен Каравелов" Русе Регионална библиотека "Любен Каравелов" Русе   1970-01-01 Заемна - подръчен фонд 0.64 70172 П 886.7-2/А 92 70172 2 0.33 N: стар фонд Дата: 01.01.1970 Книги Отч.N: 18/18 , Дата: 22.03.2018
Vip Innovations Ltd, Rousse, Bulgaria 2025